000
00323nam a2200121 a 4500
005
20140414093847.0
008
100616s19uu xx uuu eng d
050
_a
CDR 374.001
_b
W63
100
_a
Wiggins, Grant
245
_a
Understanding by desgn :
_b
using the backward design process.
942
_c
AVM
999
_c
109673
_d
109673